UBT Library

Democracy under pressure : (Record no. 47306)

000 -LEADER
fixed length control field 00722cam a2200229 a 4500
001 - CONTROL NUMBER
control field 2507512
005 - DATE AND TIME OF LATEST TRANSACTION
control field 20180824031407.0
008 - FIXED-LENGTH DATA ELEMENTS--GENERAL INFORMATION
fixed length control field 931222s1993 txua b 001 0 eng
010 ## - LIBRARY OF CONGRESS CONTROL NUMBER
LC control number 92072261
020 ## - INTERNATIONAL STANDARD BOOK NUMBER
International Standard Book Number 0155001981
040 ## - CATALOGING SOURCE
Original cataloging agency DLC
Transcribing agency DLC
Modifying agency DLC
041 ## - LANGUAGE CODE
Language code of text/sound track or separate title eng
043 ## - GEOGRAPHIC AREA CODE
Geographic area code n-us---
080 ## - UNIVERSAL DECIMAL CLASSIFICATION NUMBER
Universal Decimal Classification number 32
100 1# - Rafti
Rafti 20.
101 ## - Shkurtesa
Shkurtesa POL
245 10 - TITLE STATEMENT
Title Democracy under pressure :
Statement of responsibility, etc Milton C. Cummings, Jr., David Wise.
504 ## - BIBLIOGRAPHY, ETC. NOTE
Bibliography, etc Includes bibliographical references and index.
906 ## - LOCAL DATA ELEMENT F, LDF (RLIN)
a 7
b cbc
c orignew
d 2
e opcn
f 19
g y-gencatlg
942 ## - ADDED ENTRY ELEMENTS (KOHA)
Source of classification or shelving scheme
Item type Books
Holdings
Withdrawn status Lost status Source of classification or shelving scheme Damaged status Not for loan Collection code Permanent location Current location Shelving location Date acquired Total Checkouts Full call number Barcode Date last seen Price effective from Koha item type
          Koleksioni i përgjithshem UBT - Lipjan UBT - Lipjan Koleksioni i përgjithshem 08/24/2018   32 WIS 002-3011256 08/24/2018 08/24/2018 Books
UBT Library © 2015-2024. All rights reserved University Education for Business and Technology